01695nam a2200373 a 4500001001200000003000800012006001900020007001500039008004100054010001700095020003000112020002700142040002100169035002100190043001200211050002400223082002000247245009700267260005600364300001700420490006100437504005100498505022000549533015200769610005000921650005000971650003201021655002901053700002401082710001701106830005501123856012601178999001701304ebr10671412CaPaEBRm u cr cn|||||||||090716s2009 nyu sb 001 0 eng d z 2009029245 z9781606922262 (softcover) z9781613244463 (e-book) aCaPaEBRcCaPaEBR a(OCoLC)707082803 an-us---14aKF3941b.B35 2009eb04a344.7305/3322200aGun ownership and the Second Amendmenth[electronic resource] /cPjeter D. Baldrige, editor. aHauppauge, N.Y. :bNova Science Publishers,cc2009. aviii, 183 p.1 aCriminal justice, law enforcement and corrections series aIncludes bibliographical references and index.0 aThe Constitution of the United States of America -- Supreme Court of the United States -- Oral arguments of D.C. V. Dick Anthony Heller -- District of Columbia v. Heller : the Supreme Court and the Second Amendment. aElectronic reproduction.bPalo Alto, Calif. :cebrary,d2013.nAvailable via World Wide Web.nAccess may be limited to ebrary affiliated libraries.10aUnited States.tConstitution.n2nd Amendment. 0aFirearmsxLaw and legislationzUnited States. 0aGun controlzUnited States. 7aElectronic books.2local1 aBaldrige, Pjeter D.2 aebrary, Inc. 0aCriminal justice, law enforcement and corrections.40uhttp://site.ebrary.com/lib/rucke/Doc?id=10671412zAn electronic book accessible through the World Wide Web; click to view c62864d62864